Morphogenesis of the vertebrates / (Record no. 163325)

MARC details
000 -LEADER
fixed length control field 00857cam a2200289 i 4500
008 - FIXED-LENGTH DATA ELEMENTS--GENERAL INFORMATION
fixed length control field
020 ## - INTERNATIONAL STANDARD BOOK NUMBER
International Standard Book Number 0471032328 (hbk.)
049 ## - LOCAL HOLDINGS (OCLC)
Holding library MAIN
090 0# - LOCALLY ASSIGNED LC-TYPE CALL NUMBER (OCLC); LOCAL CALL NUMBER (RLIN)
Classification number (OCLC) (R) ; Classification number, CALL (RLIN) (NR) QL955
Local cutter number (OCLC) ; Book number/undivided call number, CALL (RLIN) TOR
003 - CONTROL NUMBER IDENTIFIER
control field
005 - DATE AND TIME OF LATEST TRANSACTION
control field 20230123134305.0
040 ## - CATALOGING SOURCE
Transcribing agency NUST
100 1# - MAIN ENTRY--PERSONAL NAME
Personal name Torrey, Theodore Willett.
245 10 - TITLE STATEMENT
Title Morphogenesis of the vertebrates /
Statement of responsibility, etc. Theodore W. Torrey, Alan Feduccia.
250 ## - EDITION STATEMENT
Edition statement 4th ed.
260 ## - PUBLICATION, DISTRIBUTION, ETC.
Place of publication, distribution, etc. New York :
Name of publisher, distributor, etc. Wiley,
Date of publication, distribution, etc. c1979.
300 ## - PHYSICAL DESCRIPTION
Extent xii, 570 p. :
Other physical details ill. ;
Dimensions 26 cm.
500 ## - GENERAL NOTE
General note Includes index.
504 ## - BIBLIOGRAPHY, ETC. NOTE
Bibliography, etc. note Includes bibliographical references.
650 #0 - SUBJECT ADDED ENTRY--TOPICAL TERM
Topical term or geographic name entry element Embryology
General subdivision Vertebrates.
650 #0 - SUBJECT ADDED ENTRY--TOPICAL TERM
Topical term or geographic name entry element Vertebrates
General subdivision Anatomy.
650 #2 - SUBJECT ADDED ENTRY--TOPICAL TERM
Topical term or geographic name entry element Anatomy, Comparative.
650 #2 - SUBJECT ADDED ENTRY--TOPICAL TERM
Topical term or geographic name entry element Vertebrates
General subdivision Embryology.
700 1# - ADDED ENTRY--PERSONAL NAME
Personal name Feduccia, Alan.
907 ## - LOCAL DATA ELEMENT G, LDG (RLIN)
a .b10219869
b 08-05-12
c 16-11-06
942 ## - ADDED ENTRY ELEMENTS (KOHA)
Koha item type Ordinary Loan Books
Call number prefix QL955
Call number suffix TOR
Holdings
Date last seen Total Checkouts Full call number Barcode Cost, replacement price Price effective from Koha item type Lost status Source of classification or shelving scheme Damaged status Not for loan Collection Withdrawn status Home library Current library Shelving location Date acquired Cost, normal purchase price
01/23/2023   QL955 TOR 92003025403 80.00 01/23/2023 BOOKS   LCC     NFIC   MAIN MAIN GEN 01/23/2023 80.00